Diskurs. Autor. Genealogie : Tři studie /

Enregistré dans:
Détails bibliographiques
Auteur principal: Foucaut, Michel (Auteur)
Format: Livre
Langue:tchèque
Publié: Praha : Svoboda, 1994
Édition:1.vyd.
Sujets:
Tags: Ajouter un tag
Pas de tags, Soyez le premier à ajouter un tag!

MARC

LEADER 00000nam a22000003a 4500
001 stu7126
005 20150617225809.4
008 941121s1994----xr------------------cze-d
020 |a 80-205-0406-0 
040 |a STU  |b slo 
041 0 |a cze 
044 |a xr 
080 |a 141.7 
100 1 |a Foucaut, Michel  |4 aut 
245 1 |a Diskurs. Autor. Genealogie :  |b Tři studie /  |c [aut.] Foucaut,Michel 
250 |a 1.vyd. 
260 |a Praha :  |b Svoboda,  |c 1994 
300 |a 115 s 
650 7 |a filozofia  |2 stusub 
996 |b E79321  |c R*79321  |l RRUM  |s A  |a 24  |w stu7126_0001